Normale Ansicht MARC-Ansicht ISBD

Germanija - Rossija - SSSR (Titelsatznr. 59610)

[ MARC ]
MARC-Details
000 -Satzkennung
Kontrollfeld mit fester Länge 01599nam a2200373 c 4500
001 - Kontrollnummer
Kontrollfeld BV035912368
003 - Kontrollnummer Identifier
Kontrollfeld DE-604
005 - Datum und Zeit der letzten Transaktion
Kontrollfeld 20220914143130.0
007 - Feld mit fester Länge zur physischen Beschreibung - Allgemeine Information
Kontrollfeld mit fester Länge t
008 - Feld mit fester Länge zur physischen Beschreibung - Allgemeine Angaben
Kontrollfeld mit fester Länge 100105s2009 a||| |||| 00||| rus d
020 ## - Internationale Standardbuchnummer
Internationale Standardbuchnummer 9965308403
Verknüpfung 9965-30-840-3
035 ## - Systemkontrollnummer
System-Kontrollnummer (DE-599)BVBBV035912368
040 ## - Katalogisierungsquelle
Original-Katalogisierungsstelle DE-604
Katalogisierungssprache ger
Übertragungsstelle RU-10907106
041 0# - Sprachcode
Sprachcode des Textes/der Tonspur oder des separaten Titels rus
100 1# - Haupteintragung - Personenname
Personenname Kokebaeva, Gulʹžauchar K.
Funktionsbezeichnung Verfasser
IDN des Normdatensatzes oder Standardnummer (DE-588)1072846640
Funktionsbezeichnungscode aut
Koha-Normdatenidentnummer 4818
245 10 - Titel
Titel Germanija - Rossija - SSSR
Zusatz zum Titel politika, vojna i plen
Verfasserangabe etc. G. K. Kokebaeva
264 #1 - Produktion, Veröffentlichung, Distribution, Herstellung und Urheberrechtsvermerk
Herstellungs-, Veröffentlichungs- Vertriebs-, Erzeugungsort Almaty
Produzent, Herausgeber, Distributor, Hersteller Ķazaķ Univ.
Datum der Herstellung, der Veröffentlichung, des Vertriebs oder des Urheberschutzvermerks 2009
300 ## - Physische Beschreibung
Umfang 343 Seiten
Andere physische Details Illustrationen
336 ## - Inhaltstyp
Inhaltstypterm Text
Inhaltstypcode txt
Quelle rdacontent
337 ## - Medientyp
Bezeichnung des Medientyps ohne Hilfsmittel zu benutzen
Medientypcode n
Quelle rdamedia
338 ## - Datenträgertyp
Datenträgertypbezeichnung Band
Datenträgertypcode nc
Quelle rdacarrier
546 ## - Fußnote zur Sprache
Sprache In kyrill. Schr., russ.
650 07 - Nebeneintragung unter einem Schlagwort - Sachschlagwort
Sachschlagwort oder geografischer Name als Eintragungselement Russischer Kriegsgefangener
IDN des Normdatensatzes oder Standardnummer (DE-588)4138103-8
Quelle der Ansetzung oder des Terms gnd
Koha-Normdatenidentnummer rswk-swf
650 07 - Nebeneintragung unter einem Schlagwort - Sachschlagwort
Sachschlagwort oder geografischer Name als Eintragungselement Deutscher Kriegsgefangener
IDN des Normdatensatzes oder Standardnummer (DE-588)4123056-5
Quelle der Ansetzung oder des Terms gnd
Koha-Normdatenidentnummer rswk-swf
650 07 - Nebeneintragung unter einem Schlagwort - Sachschlagwort
Sachschlagwort oder geografischer Name als Eintragungselement Kriegsgefangenschaft
IDN des Normdatensatzes oder Standardnummer (DE-588)4120618-6
Quelle der Ansetzung oder des Terms gnd
Koha-Normdatenidentnummer rswk-swf
651 #7 - Nebeneintragung unter einem Schlagwort - Geografischer Name
Geografischer Name Deutschland
IDN des Normdatensatzes oder Standardnummer (DE-588)4011882-4
Quelle der Ansetzung oder des Terms gnd
Koha-Normdatenidentnummer rswk-swf
651 #7 - Nebeneintragung unter einem Schlagwort - Geografischer Name
Geografischer Name Sowjetunion
IDN des Normdatensatzes oder Standardnummer (DE-588)4077548-3
Quelle der Ansetzung oder des Terms gnd
Koha-Normdatenidentnummer rswk-swf
710 ## - Nebeneintragung - Körperschaftsname
Funktionsbezeichnungscode isb
Körperschafts- oder Gebietskörperschaftsname als Eintragungselement Äl-Farabi Atyndaġy Ķazaķ Memlekettík Ūlttyķ Universitetí
Funktionsbezeichnung Herausgebendes Organ
Koha-Normdatenidentnummer 4819
856 42 - Elektronische Adresse und Zugriff
Kontaktstelle für Hilfe beim Zugriff Digitalisierung BSBMuenchen
Elektronisches Format application/pdf
URL <a href="http://bvbr.bib-bvb.de:8991/F?func=service&doc_library=BVB01&local_base=BVB01&doc_number=018769632&sequence=000002&line_number=0001&func_code=DB_RECORDS&service_type=MEDIA">http://bvbr.bib-bvb.de:8991/F?func=service&doc_library=BVB01&local_base=BVB01&doc_number=018769632&sequence=000002&line_number=0001&func_code=DB_RECORDS&service_type=MEDIA</a>
Spezifische Materialangaben Inhaltsverzeichnis
942 11 - Zusätzliche Felder (Koha)
Koha-Medientyp Monographien
Ausgabe 22/bsb
Klassifikation oder Aufstellungssystematik Andere/Generische Klassifikation
942 11 - Zusätzliche Felder (Koha)
Ausgabe 22/bsb
Klassifikation oder Aufstellungssystematik Andere/Generische Klassifikation
942 11 - Zusätzliche Felder (Koha)
Ausgabe 22/bsb
Klassifikation oder Aufstellungssystematik Andere/Generische Klassifikation
942 11 - Zusätzliche Felder (Koha)
Ausgabe 22/bsb
Klassifikation oder Aufstellungssystematik Andere/Generische Klassifikation
Exemplare
Ausgeschieden Verloren Klassifikation oder Aufstellungssystematik Beschädigt Nicht entleihbar Heimatbibliothek Aufenthaltsbibliothek Erwerbungsdatum Barcode Letzte Aktivität Preis gültig von Koha-Medientyp
    Andere/Generische Klassifikation   Bestellt MWN Osteuropa MWN Osteuropa 30/03/2022 60316 30/03/2022 30/03/2022 Monographien